<?xml version="1.0" encoding="UTF-8"?>
<record
    xmlns:xsi="http://www.w3.org/2001/XMLSchema-instance"
    xsi:schemaLocation="http://www.loc.gov/MARC21/slim http://www.loc.gov/standards/marcxml/schema/MARC21slim.xsd"
    xmlns="http://www.loc.gov/MARC21/slim">

  <leader>02686nam a2200397Ii 4500</leader>
  <controlfield tag="001">DIGDYK0017</controlfield>
  <controlfield tag="003">NyNyDIG</controlfield>
  <controlfield tag="006">m     o  d        </controlfield>
  <controlfield tag="007">cr |||||||||||</controlfield>
  <controlfield tag="008">130201s2007    sp      ob    000 0 spa d</controlfield>
  <datafield tag="020" ind1=" " ind2=" ">
    <subfield code="z">8498491401</subfield>
  </datafield>
  <datafield tag="020" ind1=" " ind2=" ">
    <subfield code="z">9788498491401</subfield>
  </datafield>
  <datafield tag="035" ind1=" " ind2=" ">
    <subfield code="a">(OCoLC)752429401</subfield>
  </datafield>
  <datafield tag="040" ind1=" " ind2=" ">
    <subfield code="a">DGITA</subfield>
    <subfield code="b">eng</subfield>
    <subfield code="e">pn</subfield>
    <subfield code="c">DGITA</subfield>
  </datafield>
  <datafield tag="050" ind1="1" ind2="4">
    <subfield code="a">PN4833 eBook</subfield>
  </datafield>
  <datafield tag="245" ind1="0" ind2="0">
    <subfield code="a">Aproximaciones al periodismo digital /</subfield>
    <subfield code="c">Antonio Garc&#xED;a Jim&#xE9;nez y Paloma Rup&#xE9;rez Rubio (eds.).</subfield>
  </datafield>
  <datafield tag="264" ind1=" " ind2="1">
    <subfield code="a">Madrid :</subfield>
    <subfield code="b">Editorial Dykinson, S.L. :</subfield>
    <subfield code="b">Universidad Rey Juan Carlos, Servicio de Publicaciones,</subfield>
    <subfield code="c">2007. </subfield>
  </datafield>
  <datafield tag="300" ind1=" " ind2=" ">
    <subfield code="a">1 online resource (361 pages) :</subfield>
    <subfield code="b">ill.</subfield>
  </datafield>
  <datafield tag="336" ind1=" " ind2=" ">
    <subfield code="a">text</subfield>
    <subfield code="b">txt</subfield>
    <subfield code="2">rdacontent</subfield>
  </datafield>
  <datafield tag="337" ind1=" " ind2=" ">
    <subfield code="a">computer</subfield>
    <subfield code="b">c</subfield>
    <subfield code="2">rdamedia</subfield>
  </datafield>
  <datafield tag="338" ind1=" " ind2=" ">
    <subfield code="a">online resource</subfield>
    <subfield code="b">cr</subfield>
    <subfield code="2">rdacarrier</subfield>
  </datafield>
  <datafield tag="490" ind1="1" ind2=" ">
    <subfield code="a">Ciencias de la comunicaci&#xF3;n ;</subfield>
    <subfield code="v">13.</subfield>
  </datafield>
  <datafield tag="504" ind1=" " ind2=" ">
    <subfield code="a">Includes bibliographical references.</subfield>
  </datafield>
  <datafield tag="505" ind1="0" ind2=" ">
    <subfield code="a">Introducci&#xF3;n / Ricardo P&#xE9;rez-Amat -- La informaci&#xF3;n en la sociedad red / Antonio Rodr&#xED;guez de las Heras -- Reflexiones en torno a una historia del periodismo digital / Paloma Rup&#xE9;rez Rubio -- El nuevo profesional y las nuevas profesiones / Xos&#xE9; L&#xF3;pez; Marita Otero, Xos&#xE9; Pereira y Manuel Gago -- El tratamiento la informaci&#xF3;n en el medio digital / Fernando Moreno Mart&#xED;n -- Periodismo en red y arquitectura de la informaci&#xF3;n / Antonio Garc&#xED;a Jim&#xE9;nez -- Visualizaci&#xF3;n de la informaci&#xF3;n / Alfonso Palaz&#xF3;n Meseguer -- Nuevas posibilidades del peri&#xF3;dico digital on line / Pablo R. Prieto -- El hipertexto en los g&#xE9;neros informativos / Ricardo Vizca&#xED;no-Laorga -- G&#xE9;neros informativos en la redacci&#xF3;n period&#xED;stica hipertextual / Gloria G&#xF3;mez-Escalonilla -- G&#xE9;neros de opini&#xF3;n en Internet / Lourdes Mart&#xED;nez Rodr&#xED;guez -- El periodismo de fuentes en Internet / Carmen Clara Rodr&#xED;guez Alonso -- Nuevos soportes y formatos para un periodismo c&#xED;vico / Jos&#xE9; Mar&#xED;a Garc&#xED;a de Madariaga -- Publicidad y audiencias online / Fernando Bermejo -- Radio en l&#xED;nea / Koldobika Meso Ayerdi -- Televisi&#xF3;n y v&#xED;deo en Internet. Situaci&#xF3;n, perspectivas y oferta actual / Francisco Vacas Aguilar -- Propiedad intelectual en Internet / Marina Sant&#xED;n Dur&#xE1;n.</subfield>
  </datafield>
  <datafield tag="650" ind1=" " ind2="0">
    <subfield code="a">Digital media. </subfield>
  </datafield>
  <datafield tag="650" ind1=" " ind2="0">
    <subfield code="a">Online journalism. </subfield>
  </datafield>
  <datafield tag="655" ind1=" " ind2="0">
    <subfield code="a">Electronic books.</subfield>
  </datafield>
  <datafield tag="700" ind1="1" ind2=" ">
    <subfield code="a">Garc&#xED;a Jim&#xE9;nez, Antonio,</subfield>
    <subfield code="d">1969- </subfield>
  </datafield>
  <datafield tag="700" ind1="1" ind2=" ">
    <subfield code="a">Rup&#xE9;rez Rubio, Paloma. </subfield>
  </datafield>
  <datafield tag="791" ind1="2" ind2=" ">
    <subfield code="a">Digitalia (Firm),</subfield>
    <subfield code="e">distributor.</subfield>
  </datafield>
  <datafield tag="830" ind1=" " ind2="0">
    <subfield code="a">Ciencias de la comunicaci&#xF3;n (Madrid, Spain) ;</subfield>
    <subfield code="v">13.</subfield>
  </datafield>
  <datafield tag="793" ind1="0" ind2=" ">
    <subfield code="g">Digitalia eBook Collection:</subfield>
    <subfield code="a">Dykinson Editorial</subfield>
  </datafield>
  <datafield tag="856" ind1="4" ind2="0">
    <subfield code="3">Digitalia Hisp&#xE1;nica</subfield>
    <subfield code="u">https://www.digitaliapublishing.com/a/6417/</subfield>
  </datafield>
  <datafield tag="910" ind1=" " ind2=" ">
    <subfield code="a">Premium Collection: 2007-2012</subfield>
  </datafield>
  <datafield tag="942" ind1=" " ind2=" ">
    <subfield code="c">RAA</subfield>
  </datafield>
  <datafield tag="952" ind1=" " ind2=" ">
    <subfield code="0">0</subfield>
    <subfield code="1">0</subfield>
    <subfield code="4">0</subfield>
    <subfield code="7">0</subfield>
    <subfield code="8">DEH</subfield>
    <subfield code="a">BD-UIN</subfield>
    <subfield code="b">BD-UIN</subfield>
    <subfield code="d">2025-04-25</subfield>
    <subfield code="l">0</subfield>
    <subfield code="r">2025-04-25</subfield>
    <subfield code="w">2025-04-25</subfield>
    <subfield code="y">RAA</subfield>
  </datafield>
  <datafield tag="999" ind1=" " ind2=" ">
    <subfield code="c">231632</subfield>
    <subfield code="d">231632</subfield>
  </datafield>
</record>
